Score 0/16 Timer 01:00
1 Play Today
% Correct
Spider-Man
95.2%
King Kong
95.2%
Frodo Baggins
93.5%
Dark Helmet
91.1%
Carrie White
86.4%
Rose DeWitt Bukater
86.3%
Aslan
86.1%
Inspector Clouseau
84%
% Correct
Wayne Campbell
83.5%
Dr. Ian Malcolm
82.9%
Dr. Strangelove
82.6%
Hans Gruber
82%
Ethan Hunt
79.4%
Evie Carnahan
75.3%
Frank Drebin
74.5%
Jack Burton
60.6%
Remove Ads.
Support Sporcle.
Get the best of Sporcle when you Go Orange. This ad-free experience offers more features, more stats, and more fun while also helping to support Sporcle. Thank you for becoming a member.

You're not logged in!

Compare scores with friends on all Sporcle quizzes.
OR
Log In

Show Comments

Extras

Top Quizzes Today


Score Distribution

Your Account Isn't Verified!

In order to create a playlist on Sporcle, you need to verify the email address you used during registration. Go to your Sporcle Settings to finish the process.

Report this User

Report this user for behavior that violates our Community Guidelines.

Details: